00682nam a2200229 a 4500001001300000003000900013005001700022008004100039020001000080082001300090100001900103245008100122260004500203300000900248500003500257505001000292650002700302902000800329942000700337952009300344999001500437nice12345678IN_TiNIC20260116011653.0050524s1912 newa grp 000 0 eng  ac10000a201bEUC aEucken, Rudolf aMain Currents of Modern Thoughtb Study of the Spiritual & Intellectual Move aNew YorkbCharles Scribner`s Sons,c1912 a488p aincludes index and biblioraphy2 aIndex aPhilosophical-Theology bSRS cBK 00104070aHMIbHMId2007-03-19g100.00l0o201 EUCp8350r2007-03-19w2026-01-16yARB c3294d3294